000 00318nam a2200157Ia 4500
003 OSt
005 20231116072130.0
008 170524s9999 xx 000 0 und d
020 _a0-7513-0439-5
040 _cIIMT
100 _aOwen
245 0 _aClassic Asian
260 _bD K
260 _c2004
942 _2ddc
_c02
999 _c7164
_d7164